| 000 | 00743 a2200229 4500 | ||
|---|---|---|---|
| 005 | 20180312141949.0 | ||
| 008 | 131028s1985 sp a ar|||| 00| 0 spa d | ||
| 020 | _a8426114830 | ||
| 040 |
_aCO-BoUCM _bspa _cJose A. Gerena _dDiana Londoño |
||
| 041 | 0 | 0 | _aspa |
| 100 | 1 |
_aVilarrubias, Pía _949229 |
|
| 245 | 1 | 0 |
_aDe excursión _cPía Vilarrubias |
| 250 | _a3a Ed | ||
| 260 |
_c1985 _bJuventud _aBarcelona (España) |
||
| 300 |
_a[14] páginas _bilustraciones a color |
||
| 490 |
_aTina-ton _v4 |
||
| 650 | 7 |
_aCuentos ilistrados para niños _961897 |
|
| 650 | 7 |
_aLiteratura infantil española _918684 |
|
| 690 |
_942863 _aLiteratura europea |
||
| 942 |
_a18 _cLIBRO _e3 _mV697d _2DEWEY _h868.64 _n0 |
||
| 999 |
_c183152 _d183152 |
||